Manuel de chimie : redige d'apres les programmes officiels des lycees prescrits pour les examens du Baccalaureat

Saved in:
Bibliographic Details
Main Author: Langlebert, J., 1820-
Format: Book
Language:French
Published: Paris : Imprimerie et librairie classiques, [1873]
Edition:2η έκδ.
Subjects:
Tags: Add Tag
No Tags, Be the first to tag this record!

MARC

LEADER 00000cam a2200000 i 4500
001 1/69369
008 150407s1873 fre d
035 |l 10121521 
040 |a GR-MY-UA  |b gre  |e aacr 
041 0 |a fre 
082 0 |a 540  |2 (23) 
100 1 |a Langlebert, J.,   |d 1820- 
245 1 0 |a Manuel de chimie :  |b redige d'apres les programmes officiels des lycees prescrits pour les examens du Baccalaureat /  |c par J. Langlebert 
250 |a 2η έκδ. 
260 |a Paris :   |b Imprimerie et librairie classiques,   |c [1873] 
300 |a iii, 404 σ.;  |b εικ.;  |c 18 εκ. 
650 0 0 |a Chemistry. 
852 |a INST  |b SAMOS  |c MOR  |e 20150407  |h 540 LAN  |p 005300042099  |q 005300042099  |t NOLOAN  |y 23 
901 |a BIBL3-2015-1 
909 |a Σ  |b 192120 
970 |a ΣΙΤΖΙΜΗ  |b ΓΙΑΣΕΜΗ  |z 2015/04/07